| 000 | 02200nam a2200361 a 4500 | ||
|---|---|---|---|
| 001 | 000045731 | ||
| 003 | DO-SdBNP | ||
| 005 | 20170919121551.0 | ||
| 007 | 000045731 | ||
| 008 | 150508s1994 dr a 000 0 spa d | ||
| 040 |
_aBPMSU _bspa _cBPMSU |
||
| 092 |
_a330.97203 _bD238e |
||
| 100 | 1 | _aDauhajre, Andrés | |
| 245 | 1 | 0 |
_aEstabilización, apertura y pobreza en la República Dominicana : _b1986-1992 / _cAndrés Dauhajre, José Achécar Chupani y Anne Swindale. |
| 260 |
_aSanto Domingo : _bFundación Economía y Desarrollo, _c1994. |
||
| 300 |
_axiii, 238 p. : _bil. ; _c23 cm. |
||
| 500 | _aIncluye referencias bibliográficas y notas al pie de las páginas. | ||
| 505 | 0 |
_aResumen de resultados -- _tDistribución del ingreso -- _tIndigencia y pobreza -- _tLa mujer y la pobreza -- _tLa niñez y la pobreza -- _tEstado civil de los pobres -- _tEducación y pobreza -- _tEl subsidio al gas propano y los pobres -- _tEl diferencial del petróleo y los pobres -- _tProtección al arroz y los pobres -- _tEl aceite comestible y los pobres -- _tEl azucar y los pobres -- _tOtros alimentos y los pobres -- _tFuentes de ingreso de los dominicanos -- _tEstabilización economica y reforma estructural: 1990-1992 -- _tEncuesta de ingresos y gasto de 1992 -- _tDistribución el ingreso -- _tPobreza e indigencia -- _tPerfil de la indigencia y la pobreza -- _tLos subsidios generalizados y los pobres -- _tFuentes de ingreso de los dominicanos -- _tDestino del gasto de los dominicanos -- _tAdecuación calórica y proteica -- _tGraficas y tablas -- |
|
| 650 |
_aPOBREZA _xESTADÍSTICAS _zREPÚBLICA DOMINICANA |
||
| 650 |
_aESTABILIZACIÓN ECONÓMICA _zREPÚBLICA DOMINICANA |
||
| 650 |
_aDISTRIBUCION DEL INGRESO _zREPÚBLICA DOMINICANA _xESTADÍSTICAS |
||
| 651 |
_aREPÚBLICA DOMINICANA _vESTADÍSTICAS _xCONDICIONES ECONÓMICAS _y1961- |
||
| 651 |
_aREPÚBLICA DOMINICANA _xPOLÍTICA COMERCIAL |
||
| 700 | 1 | 2 | _aAchécar Chupani, José |
| 700 | 1 | 2 | _aSwindale, Anne |
| 910 | _aValidado. Control de calidad MFF | ||
| 930 | 1 |
_l _m _8 _f _p _g _h |
|
| 942 |
_2ddc _cBK |
||
| 945 | _aInventariado / 2017 VM | ||
| 956 |
_a _b _c _l _h |
||
| 956 |
_a _b _c _l _h |
||
| 956 |
_aVMATEO _b10 _c20150806 _lBPMSU _h00151 |
||
| 999 |
_c8103 _d8103 |
||